Quels sports pratiquent ces athlètes français aux JOP 2024 ? - Statistiques

Statistiques générales
  • Ce quiz a été pris 44 fois
  • Le résultat moyen est 14 sur 20
Statistiques - réponses
Par images Hint Réponse % Correct
Chiara Zenati Para Equitation
97%
Charles Noakes Para Badminton
91%
Alex Portal Para Natation
91%
Alexandre Léauté Para Cyclisme
89%
Sandrine Martinet Para Judo
89%
Stéphane Houdet Tennis Fauteuil
89%
Damien Letulle Para Tir à l'Arc
86%
Maxime Valet Escrime Fauteuil
83%
Fabien Lamirault Para Tennis de Table
83%
Timothée Adolphe Para Athlétisme
80%
Benjamin Daviet Para Aviron
80%
Axel Bourlon Para Haltérophilie
74%
Nélia Barbosa Para Canoë Kayak
69%
Frédéric Villeroux Cécifoot
66%
Aurélie Aubert Boccia
57%
Tanguy De La Forest Para Tir Sportif
54%
Cédric Nankin Rugby Fauteuil
54%
Alexis Hanquinquant Para Triathlon
46%
Djelika Diallo Para Taekwondo
40%
Elias Ouni Goalball
23%
Aucun quiz correspondant
Distribution des résultats
% des personnes avec chaque résultat
Percentile par nombre de réponses
Votre historique - résultats
Vous n’avez pas pris ce quiz